Statistics for Indian Cities by Language

Click here to take the quiz!

General Stats

  • This quiz has been taken 186 times
  • The average score is 9 of 12

Answer Stats

LanguagePopulationCity% Correct
Marathi24.2 milMumbai
96%
Tamil10.7 milChennai
95%
Hindi28.4 milDelhi
95%
Bengali16.4 milKolkata
95%
Kannada11.5 milBangalore
89%
Telugu and Urdu9.60 milHyderabad
89%
Gujarati8.00 milAhmedabad
84%
Rajasthani and Marwari3.75 milJaipur
78%
Hindi and Punjabi2.20 milChandigarh
60%
Malayalam1.69 milThiruvananthapuram
56%
Odia0.88 milBhubaneswar
54%
Awadhi3.53 milLucknow
52%

Score Distribution

Percentile by Number Answered

Percent of People with Each Score

Your Score History

You have not taken this quiz